MARC details
| 000 -CABECERA |
| campo de control de longitud fija |
00986nam a2200253 a 4500 |
| 001 - NÚMERO DE CONTROL |
| campo de control |
000004196 |
| 003 - IDENTIFICADOR DEL NÚMERO DE CONTROL |
| campo de control |
DO-SdBNP |
| 005 - FECHA Y HORA DE LA ÚLTIMA TRANSACCIÓN |
| campo de control |
20240430112445.0 |
| 008 - DATOS DE LONGITUD FIJA--INFORMACIÓN GENERAL |
| campo de control de longitud fija |
090720s2000 dr a 001 0 spa d |
| 040 ## - FUENTE DE LA CATALOGACIÓN |
| Centro catalogador/agencia de origen |
DO-SdBNP |
| Lengua de catalogación |
spa |
| Centro/agencia transcriptor |
BNPHU |
| 082 #4 - NÚMERO DE LA CLASIFICACIÓN DECIMAL DEWEY |
| Número de clasificación |
335.5 |
| Número de documento/Ítem |
I73r, 2000 |
| Número de edición |
22 |
| 100 1# - ENTRADA PRINCIPAL--NOMBRE DE PERSONA |
| Nombre de persona |
Isa Conde, Narciso, |
| Fechas asociadas al nombre |
1942- |
| 9 (RLIN) |
12387 |
| 245 10 - MENCIÓN DE TÍTULO |
| Título |
Rearmando la utopía : |
| Resto del título |
del neoliberalismo global al nuevo socialismo mundial / |
| Mención de responsabilidad, etc. |
Narciso Isa Conde. |
| 250 ## - MENCIÓN DE EDICIÓN |
| Mención de edición |
2ª ed. |
| 260 ## - PUBLICACIÓN, DISTRIBUCIÓN, ETC. |
| Lugar de publicación, distribución, etc. |
Santo Domingo : |
| Nombre del editor, distribuidor, etc. |
Tropical, |
| Fecha de publicación, distribución, etc. |
2000. |
| 300 ## - DESCRIPCIÓN FÍSICA |
| Extensión |
xv, 337 p. : |
| Otras características físicas |
il. ; |
| Dimensiones |
22 cm. |
| 500 ## - NOTA GENERAL |
| Nota general |
Incluye datos biográficos del autor en la contraportada. |
| 650 #4 - PUNTO DE ACCESO ADICIONAL DE MATERIA--TÉRMINO DE MATERIA |
| Término de materia o nombre geográfico como elemento de entrada |
Socialismo y sociedad |
| 9 (RLIN) |
12388 |
| Subdivisión de forma |
Ensayos, conferencias, etc. |
| 650 #4 - PUNTO DE ACCESO ADICIONAL DE MATERIA--TÉRMINO DE MATERIA |
| Término de materia o nombre geográfico como elemento de entrada |
Neoliberalismo |
| 9 (RLIN) |
12389 |
| Subdivisión de forma |
Ensayos, conferencias, etc. |
| 650 #4 - PUNTO DE ACCESO ADICIONAL DE MATERIA--TÉRMINO DE MATERIA |
| Término de materia o nombre geográfico como elemento de entrada |
Formas de gobierno |
| 9 (RLIN) |
12390 |
| Subdivisión de forma |
Ensayos, conferencias, etc. |
| 650 #4 - PUNTO DE ACCESO ADICIONAL DE MATERIA--TÉRMINO DE MATERIA |
| Término de materia o nombre geográfico como elemento de entrada |
Sistemas políticos |
| Subdivisión general |
Historia |
| Subdivisión cronológica |
Siglo XX |
| 9 (RLIN) |
12391 |
| Subdivisión de forma |
Ensayos, conferencias, etc. |
| 910 ## - DATOS DE OPCIÓN DEL USUARIO (OCLC) |
| Datos de opción del usuario |
Validado. Control de calidad |
| 942 ## - ELEMENTOS DE PUNTO DE ACCESO ADICIONAL (KOHA) |
| Fuente del sistema de clasificación o colocación |
Dewey Decimal Classification |
| Tipo de ítem Koha |
Libro |